| 000 | 00419 a2200145 4500 | ||
|---|---|---|---|
| 999 |
_c3338 _d3338 |
||
| 020 | _a9780749401559 | ||
| 050 | _aHD 69.P75 HAY 1989 | ||
| 100 | _aHaynes, Marion E | ||
| 245 |
_aProject management : _bfrom ideal to implementation / _cMarion E Haynes |
||
| 264 |
_aNew York : _bKogan Page, _c1989 |
||
| 300 |
_a78p. : _bill. |
||
| 500 | _aIncludes bib | ||
| 650 | _aProject management | ||
| 942 |
_2lcc _cBK _h69.P75 _iHAY _kHD |
||